000 00310nam a2200133Ia 4500
008 220204s9999 xx 000 0 und d
082 _a535.6
_bWYS
100 _aStiles, W S
245 0 _aColor science
250 _aEd.2
260 _aNew York
_bJohn Wiley
_c1982
700 _aWyszecki, Gunter
942 _cBK
999 _c38080
_d38080